VOCATIONAL EDUCATION (Record no. 23232)

MARC details
000 -LEADER
fixed length control field 00250nam a22001217a 4500
003 - CONTROL NUMBER IDENTIFIER
control field SGT
082 ## - DEWEY DECIMAL CLASSIFICATION NUMBER
Classification number 362.04
Item number RAO
100 ## - MAIN ENTRY--PERSONAL NAME
Personal name RAO, V.K.
245 ## - TITLE STATEMENT
Title VOCATIONAL EDUCATION
260 ## - PUBLICATION, DISTRIBUTION, ETC. (IMPRINT)
Place of publication, distribution, etc DELHI
Name of publisher, distributor, etc RAJAT PUB.
Year of Publication 2014
300 ## - PAGE DESCRIPTION
No. of Pages 153
942 ## - ADDED ENTRY ELEMENTS (KOHA)
Source of classification or shelving scheme Dewey Decimal Classification
Koha item type Books
Holdings
Withdrawn status Lost status Source of classification or shelving scheme Damaged status Not for loan Collection code Home library Current library Shelving location Date acquired Vendor Name Cost, normal purchase price SGTU Bill Number Full call number Accession No. (Barcode) Date last seen Bill Date Koha item type
    Dewey Decimal Classification     EDUCATION SGT Engineering Library SGT Engineering Library Text Book 02/09/2022 ABC 500.00 SGTU 1741 362.04 RAO ED5226 02/09/2022   Books
    Dewey Decimal Classification     EDUCATION SGT Engineering Library SGT Engineering Library Text Book 02/09/2022 ABC 500.00 SGTU 1741 362.04 RAO ED5227 02/09/2022   Books
    Dewey Decimal Classification     EDUCATION SGT Engineering Library SGT Engineering Library Text Book 02/09/2022 ABC 500.00 SGTU 1741 362.04 RAO ED5228 02/09/2022   Books